MDQL
is popping MORE tags! Check the
thread
!
Quizzes
Events
Quiz Creation
Community
Videos
Private Events
Remove Ads
Sign In
Join for FREE
Feedback
Dark Mode
Quiz Categories
Sports
Geography
Music
Movies
Television
Just For Fun
Miscellaneous
History
Literature
Language
Science
Gaming
Entertainment
Religion
Holiday
For Kids
Quiz Lab
Recent
Popular Today
Quiz Kudos Today
Editor Picks
Curator Picks
Quizzes by...
Day
Popularity
Type
Ratings
Length
Year
Community
Subscriptions
Recent Discussions
Orange Saloon
Badges
Playlists
Quests
Create
Leaderboards
Showdown
Live 5
Trivia Bingo
Activity
Puzzle Library
Sporcle Events
Private Events
Virtual Trivia
Globe League
Become a Host
Pub Owners
SporcleCon
Opinionation
Our Games
Videos
Blog
Mobile Apps
Partnerships
Remove Ads and Go Orange
Feedback
Sports
Athletes
MLB
NBA
NHL
NFL
Soccer
Sports Teams
WWE
NCAA
Football
Premier League
Basketball
Baseball
Hockey
Golf
Tennis
Cricket
Rugby
Auto Racing
Olympics
World Cup
Sports
Athletes
MLB
NBA
NHL
NFL
Soccer
Sports Teams
WWE
NCAA
Football
Premier League
Basketball
Baseball
Hockey
Golf
Tennis
Cricket
Rugby
Auto Racing
Olympics
World Cup
Random Quiz
Search Sporcle
×
Quiz Lab
Quiz Lab
Sports
Premier League
Type in answers that appear in a list
Type in answers that appear in a list
Classic
Best Score? Go Orange.
Manchester City Numbers 1-11 Premier League Era Stats
Can you name the Manchester City Numbers 1-11 Premier League Era?
By
Randleini
15m
106 Questions
218 Plays
218 Plays
218 Plays
Comments
Comments
Give Quiz Kudos
Give Quiz Kudos
-
- Ratings
hide this ad
Replay
Link that replays current quiz
Next Quiz
Link to next quiz in quiz playlist
You Got
0%
They Got
Avg Score
34%
Avg Friend Score
Upgrade to see
Score Distribution
Jump to the score distribution portion of the page
Score
0/106
Timer
15:00
0
Plays Today
Number
Player
% Correct
8
Mateo Kovacic
100%
11
Jeremy Doku
100%
10
Sergio Aguero
93.3%
9
Erling Haaland
92.3%
7
Joao Cancelo
92.3%
1
Joe Hart
91.7%
1
Claudio Bravo
87.2%
4
Vincent Kompany
87.2%
9
Gabriel Jesus
84%
3
Ruben Dias
83.3%
5
John Stones
81.4%
2
Micah Richards
80.3%
10
Edin Dzeko
79.8%
2
Kyle Walker
79.3%
7
Raheem Sterling
78.2%
5
Pablo Zabaleta
78%
10
Jack Grealish
73.9%
1
Shay Given
72.5%
1
David James
71.6%
7
James Milner
71.6%
11
Aleksander Kolarov
70.7%
6
Michael Johnson
70.2%
11
Adam Johnson
70.2%
8
Ilkay Gundogan
70%
11
Oleksandr Zinchenko
69.4%
1
Peter Schmeichel
67.9%
10
Robinho
67%
8
Samir Nasri
66.3%
6
Joleon Lescott
64%
1
Nicky Weaver
62.8%
3
Bacary Sagna
62.6%
8
Shaun Wright Phillips
62.4%
4
Kalvin Phillips
61.5%
6
Fernando
61.2%
9
Alvaro Negredo
60%
10
Shaun Goater
59.6%
Number
Player
% Correct
8
Joey Barton
59.6%
7
Stephen Ireland
58.3%
1
David Seaman
57.8%
8
Robbie Fowler
57.8%
7
Robbie Fowler
57.8%
11
Elano
56%
3
Danilo
55%
6
Nathan Ake
54.5%
9
Emmanuel Adebayor
52.8%
5
Sylvain Distin
50.5%
9
Andy Cole
50%
9
Niall Quinn
49.1%
11
Scott Sinclair
47.9%
3
Wayne Bridge
47.2%
3
Michael Ball
43.6%
9
Nolito
43.4%
9
Paulo Wanchope
42.2%
1
Andreas Isaksson
41.7%
1
Tony Coton
41.3%
7
Georgi Kinkladze
40.8%
11
Darius Vassell
40.8%
9
Paul Dickov
38.1%
6
Claudio Reyna
36.7%
10
Antoine Sibierski
33.9%
7
David White
33.5%
3
Ben Thatcher
33%
4
Nedum Onuoha
33%
8
Geovanni
31.7%
10
Rolando Bianchi
30.7%
5
Keith Curle
29.4%
2
Richard Edghill
29.4%
3
Richard Edghill
29.4%
3
Maicon
28.9%
9
Valeri Bojinov
28%
3
Terry Phelan
27.5%
10
Garry Flitcroft
27.5%
Number
Player
% Correct
11
Jon Macken
26.6%
4
Gerard Wiekens
26.1%
4
Stephen Jordan
26.1%
7
Darren Huckerby
25.2%
8
Ali Benarbia
25.2%
4
Steve Lomas
24.8%
9
Emile Mpenza
24.8%
3
Niclas Jensen
22.9%
2
David Sommeil
22.5%
5
Andy Morrison
21.6%
5
Ousmane Dabo
21.1%
8
Ian Bishop
20.6%
8
David Pizarro
20.2%
7
Spencer Prior
19.7%
8
Paul Walsh
19.3%
11
Peter Beagrie
18.3%
4
Steve McMahon
17.9%
6
Michel Vonk
17.9%
8
Mike Sheron
17%
11
Terry Cooke
16.1%
3
Daniel Van Buyten
16.1%
2
Andy Hill
15.1%
2
Lee Crooks
12.4%
7
David Rocastle
11.5%
11
Rick Holden
11.5%
3
Michael Frontzeck
10.1%
4
Maurizio Gaudino
9.2%
8
Gerry Creaney
9.2%
11
Carl Griffiths
3.7%
3
Ronnie Ekelund
3.7%
4
Tuomas Haapala
2.8%
10
Djamel Abdoun
2.3%
6
Kevin Horlock
1.8%
6
Giuseppe Mazzarelli
1.4%
Quiz Playlist
Details
Report
Send in Message
Add To Playlist
Classic:
Type in answers that appear in a list
Last Updated: Jun 28, 2019
Quiz Scoreboard
CHALLENGE
Sign Up to Join the Scoreboard
Show All
Scores
Hide
Comments
May contain spoilers
Recently Published
1-10 Letter E Words III
by El_Dandy
Language
2m
Street Fighter Characters
by Artimus82
Gaming
60s
College Basketball Coaching Resumes
by pancakes188
Sports
9m
More to Explore
Quiz From the Vault
Featured Blog Post
Where Did the Easter Bunny Come From?
hide this ad
You Might Also Like...
Tags
Premier League Quiz
Manchester City
Today's Top Quizzes in Sports
Browse Sports
hide this ad
Today's Top Quizzes in Premier League
Browse Premier League
Top Contributed Quizzes in Sports
1
2022 World Cup Stars
2
Les meilleurs buteurs des matchs entre le PSG et l’OM
3
FIFA Club World Cup Champions
4
Les entraîneurs de l'OM et du PSG au 21e siècle
5
Criteria MLB: Left Handed Sluggers
6
2023 MLB Unique Player Accomplishments
7
AFC Teams Reveal (Wrong Answers Minefield)
8
Players with Multiple 50 Home Run Seasons
9
5-to-1: FBS Animal Nicknames
10
5-to-1: UK Sports Teams
Explore More
Trending Topics
NBA
Harry Potter
Disney
Kpop
Marvel
Crossword
Anime
WWE
Country
Puzzle
Pokémon
The Office
Song
Soccer
NFL
hide this ad
More By:
Randleini
Quiz
Plays
Rating
Category
Featured
Created
Cristiano Ronaldo Real Madrid Goals
9,436
4.37
Sports
Oct 4, 2012
Scored 2+ Goals in Premier League match for Liverpool
8,341
4.53
Sports
Jul 30, 2012
Six Degrees of Shaquille O'Neal
6,538
5.00
Sports
Jun 11, 2015
Liverpool FC Top 50 Transfer Fees Received
6,299
4.13
Sports
Jul 17, 2012
Top 100 Foreign Goal Scorers in Premier League History
5,462
4.86
Sports
Dec 13, 2012
Go to Creator's Profile
Score Distribution
Quiz Creator Spotlight
Randleini
Follow
Send a Message
Quizzes Created
-
Created Quiz Play Count
-
More By This Creator
Popular Quizzes Today
1
Find the US States - No Outlines Minefield
2
Find the Countries of Europe - No Outlines Minefield
3
The Countries of the World
4
Find the US States
5
Risky Map Clicking: Biggest States A-Z
6
US States
7
Popular People in 1961
8
Movies - When Are They Set?
More Sports Quizzes
LaLiga Winners XIs: Real Madrid 19/20 Matchday 1-19
Quiz Lab
Trending Quizzes
Risky Map Clicking: Least Populous States A-Z
1-10 Letter G Words
USA Borders Longest to Shortest
1-10 Letter F Words
Countries of the World: 200 Million BC
Recently Updated
Leaping Animals
pecheneg
Reality TV Shows (A-Z)
bhenderson79
Rickey Henderson's Hall of Fame Teammates
pecheneg
Champions League XIs: Arsenal
pecheneg
Quick Pick: Celebrities in WWE's Hall of Fame
aduchscher
A-Z Keypad Blitz II
pecheneg
Multiple Oscar Actors
pecheneg
Mystery Phrase Blitz: Oscar 'Best Actors'
pecheneg
F. Scott Fitzgerald Novels
LTH
Pick 3 Villains
ddd62291
Trending Topics
Marvel
Crossword
Disney
Anime
Harry Potter
NBA
Kpop
Puzzle
Soccer
WWE
Country
The Office
Song
NFL
Pokémon
Your Account Isn't Verified!
In order to create a playlist on Sporcle, you need to verify the email address you used during registration. Go to your
Sporcle Settings
to finish the process.
Report this User
Report this user for behavior that violates our
Community Guidelines
.
Details:
Send Report
Go to the Sporcle.com Mobile Site →
Comments